| 000 | 01512nam a2200457 i 4500 | ||
|---|---|---|---|
| 001 | 26517 | ||
| 003 | KOSZ 005 | ||
| 005 | 20250724063750.0 | ||
| 008 | 021210s1974 pl a f f |000 0 pol | ||
| 015 | _aPB 1975/718 | ||
| 035 | _a(OCoLC)749236837 | ||
| 040 |
_aWA N _cWA N _dKOSZ 005/HR |
||
| 041 | 0 | _apol | |
| 046 | _k1974 | ||
| 080 | _a531/534 | ||
| 080 | _a539.3/.6 | ||
| 080 | _a(075.8) | ||
| 100 | 1 |
_aKonarzewski, Zygmunt _eAutor |
|
| 245 | 1 | 0 |
_aMechanika i wytrzymałość materiałów / _cZygmunt Konarzewski. |
| 260 |
_aWarszawa : _bWydawnictwa Naukowo-Techniczne, _c1974. |
||
| 300 |
_a394, [1] s. : _bil., tab., wykr. ; _c25 cm. |
||
| 336 |
_2rdacontent _aTekst _btxt |
||
| 337 |
_2rdamedia _aBez urządzenia pośredniczącego _bn |
||
| 338 |
_2rdacarrier _aWolumin _bnc |
||
| 380 | _aKsiążki | ||
| 380 | _aPublikacje dydaktyczne | ||
| 385 |
_mPoziom nauczania _aSzkoły wyższe |
||
| 388 | _a1901-2000 | ||
| 388 | _a11945-1989 | ||
| 490 | 1 | _aPodręczniki Akademickie. Elektrotechnika. | |
| 504 | _aBibliogr. | ||
| 658 | _aInżynieria i technika | ||
| 658 | _aFizyka i astronomia | ||
| 655 | 4 | _aPodręczniki akademickie | |
| 650 | 4 | _aMechanika | |
| 650 | 4 | _aWytrzymałość materiałów | |
| 710 | 2 |
_aWydawnictwa Naukowo-Techniczne _4pbl. |
|
| 856 |
_uhttp://koha.tu.koszalin.pl/cgi-bin/koha/opac-detail.pl?biblionumber=26517 _yKatalog online BPK |
||
| 830 | 0 |
_aPodręczniki Akademickie. _pElektrotechnika |
|
| 942 |
_2UKD _cKS |
||
| 999 |
_c26517 _d26517 |
||